000 01203nam a2200325 a 4500
001 000018610
003 DO-SdBNP
005 20251209121952.0
008 100512s2009 dr 000 0 spa d
020 _a9789945002058
040 _aDO-SdBNP
_bspa
_cBNPHU
049 _aBNPD
082 _a324.22
_bR173c
100 1 _aRamírez Morillo, Belarminio,
_d1964-
_92520
245 1 0 _aClaves para el liderazgo eficaz :
_bmarketing político y campañas electorales /
_cBelarminio Ramírez Morillo.
260 _aSanto Domingo :
_bFundación de Estudios Sociopolíticos, Jurídicos y Económico,
_c2009.
300 _a392 p. ;
_c24 cm.
500 _aIncluye índice onomástico
500 _aIncluye notas y bibliografías al final de los capítulos
504 _aIncluye referencias bibliográficas ( p. 375-386)
650 4 _aMercadeo político
_919754
650 4 _aPropaganda electoral
_918708
650 4 _aLiderazgo politico
_9678
650 4 _aPublicidad política
_96359
650 0 _aCampaña electoral
_946157
650 4 _aAsesores politicos
_940219
650 4 _aPolítica y medios de comunicación de masas
_918709
650 0 _aPlanificación política
_940220
942 _2ddc
_cLBS1
999 _c18130
_d18130